000 00341nam a22000977a 4500
008 150728b xxu||||| |||| 00| 0 eng d
010 _8HCCRS ARF:040
245 _aHIGH COURT CRIMINAL SESSION NO.240 OF 1991 Uganda Vs Patrick Nuwagaba Kanyawawa Bonevetura
260 _aHigh Court Kampala
500 _3BEFORE:The Honourable Mr.Justice A.N.Karokora
999 _c8289
_d8289